| 000 | 00401nam a22001457a 4500 | ||
|---|---|---|---|
| 005 | 20250619135644.0 | ||
| 008 | 250619b |||||||| |||| 00| 0 eng d | ||
| 020 | _a9781844740703 | ||
| 050 |
_aBR1640 _b.B44 BEB |
||
| 100 | _aBEEBBINGTON W. DAVID | ||
| 245 |
_aTHE DOMINANCE OF EVANGELICALISM; _bTHE AGE OF SPURGEON AND MOODY |
||
| 260 |
_aLEICESTER _bIVP _cc2005 |
||
| 300 | _a284p | ||
| 942 |
_2lcc _cBK _n0 |
||
| 999 |
_c6598 _d6598 |
||